Представление документа в формате MARC21

Поле Инд. ПП Название Значение
Тип записи a
Библиографический уровень b
001 Контрольный номер RU/IS/BASE/373042134
005 Дата корректировки 20200630193148.7
008 Кодируемые данные 20111027
084 a Индекс другой классификации/Индекс ББК 67.400.74; 74.46
100 1_ a Автор Зырянова Е. В.
q Полное имя Зырянова Елена Владимировна
245 a Заглавие Региональный сертификат профессионального образования как управленческий механизм
504 a Библиография Лит.
520 a Аннотация В Пермском крае установился дисбаланс между спросом и предложением в сфере подготовки кадров для нужд экономики. Наблюдается несоответствие деятельности системы начального профессионального образования (НПО) экономическим потребностям региона. Это находит отражение в том, что перечень специальностей и количество обучающихся по ним не соответствуют потребностям рынка труда, а работодатели не удовлетворены существующим уровнем профессиональной подготовки специалистов НПО...
650 a Основная рубрика местное самоуправление
a Основная рубрика начальное профессиональное образование
a Основная рубрика образование
a Основная рубрика право
a Основная рубрика профессиональное образование
653 a Ключевые слова государственно-частное партнерство (ГЧП)
a Ключевые слова государственный заказ на образование
a Ключевые слова государственный региональный заказ
a Ключевые слова квалификация специалистов
a Ключевые слова муниципальные образования
a Ключевые слова Пермский край
a Ключевые слова подготовка кадров
a Ключевые слова региональная экономика
a Ключевые слова региональные рынки труда
a Ключевые слова региональный сертификат профессионального образования
a Ключевые слова регионы России
a Ключевые слова Россия
a Ключевые слова рынок труда
a Ключевые слова социальное партнерство
a Ключевые слова трудоустройство выпускников
a Ключевые слова управление образованием
a Ключевые слова федеральное законодательство
773 t Заглавие источника Вопросы государственного и муниципального управления
d Дата издания источника 2009
g Прочая информация № 3. - С. 189 - 202
w Контрольный № источника RU/IS/BASE/309528796
901 t Тип документа b